Сравнительный анализ аналитических и численных методов решения задач напряженно-деформированного состояния и определение собственных частот трубопроводов; Проблемы геологии и освоения недр; Т. 2

Podrobná bibliografie
Parent link:Боев, А. С. (химик ; 1981-). Проблемы геологии и освоения недр=Problems of Geology and Subsurface Development: труды XXVII Международного молодежного научного симпозиума имени академика М.А. Усова, посвященного 160-летию со дня рождения академика В.А. Обручева и 140-летию академика М.А. Усова, основателям Сибирской горно-геологической школы, 3-7 апреля 2023 г., г. Томск/ Национальный исследовательский Томский политехнический университет, Инженерная школа природных ресурсов ; гл. ред. А. С. Боев ; под ред. Е. Ю. Пасечник.— .— Томск: Изд-во ТПУ, 2023
Т. 2.— 2023.— С. 97-98
Hlavní autor: Беляев Н. В.
Korporativní autor: Национальный исследовательский Томский политехнический университет Инженерная школа природных ресурсов Отделение нефтегазового дела
Další autoři: Бабинова Д. И., Зиякаев Г. Р. Григорий Ракитович
Shrnutí:Заглавие с экрана
Текстовый файл
Jazyk:ruština
Vydáno: 2023
Edice:Транспортировка и хранение нефти и газа
Témata:
On-line přístup:http://earchive.tpu.ru/handle/11683/77859
Médium: MixedMaterials Elektronický zdroj Kapitola
KOHA link:https://koha.lib.tpu.ru/cgi-bin/koha/opac-detail.pl?biblionumber=671318

MARC

LEADER 00000naa2a2200000 4500
001 671318
005 20240401162308.0
090 |a 671318 
100 |a 20240309d2023 k||y0rusy50 ca 
101 0 |a rus 
102 |a RU 
135 |a drcn ---uucaa 
200 1 |a Сравнительный анализ аналитических и численных методов решения задач напряженно-деформированного состояния и определение собственных частот трубопроводов  |f Н. В. Беляев, Д. И. Бабинова  |g науч. рук. Г. Р. Зиякаев ; Национальный исследовательский Томский политехнический университет 
225 1 |a Транспортировка и хранение нефти и газа 
300 |a Заглавие с экрана 
320 |a Библиография: с. 98 
336 |a Текстовый файл 
461 1 |0 669747  |t Проблемы геологии и освоения недр  |l Problems of Geology and Subsurface Development  |o труды XXVII Международного молодежного научного симпозиума имени академика М.А. Усова, посвященного 160-летию со дня рождения академика В.А. Обручева и 140-летию академика М.А. Усова, основателям Сибирской горно-геологической школы, 3-7 апреля 2023 г., г. Томск  |f Национальный исследовательский Томский политехнический университет, Инженерная школа природных ресурсов ; гл. ред. А. С. Боев ; под ред. Е. Ю. Пасечник  |d 2023  |9 669747  |a Боев, А. С. (химик ; 1981-)  |c Томск  |n Изд-во ТПУ 
463 1 |0 669760  |t Т. 2  |v С. 97-98  |d 2023  |9 669760  |p 1 файл (8,2 MB, 263 с.)  |u conference_tpu-2023-C11_V2.pdf 
610 1 |a труды учёных ТПУ 
610 1 |a электронный ресурс 
610 1 |a магистральные трубопроводы 
610 1 |a анализ прочности 
610 1 |a сравнительный анализ 
610 1 |a аналитический метод 
610 1 |a численный метод 
610 1 |a метод Максвелла-Мора 
610 1 |a ANSYS 
700 1 |a Беляев  |b Н. В. 
701 |a Бабинова  |b Д. И. 
702 1 |a Зиякаев  |b Г. Р.  |c специалист в области машиностроения  |c доцент Томского политехнического университета, кандидат технических наук  |f 1975-  |g Григорий Ракитович  |9 11506 
712 0 2 |a Национальный исследовательский Томский политехнический университет  |b Инженерная школа природных ресурсов  |b Отделение нефтегазового дела  |9 28343 
801 0 |a RU  |b 63413507  |c 20240309  |g RCR 
856 4 |u http://earchive.tpu.ru/handle/11683/77859  |z http://earchive.tpu.ru/handle/11683/77859 
942 |c CF